Personal issues in human sexuality
সংরক্ষণ করুন:
| প্রধান লেখক: | |
|---|---|
| বিন্যাস: | গ্রন্থ |
| ভাষা: | ইংরেজি |
| প্রকাশিত: |
Allyn and Bacon.
c1986.
|
| বিষয়গুলি: | |
| ট্যাগগুলো: |
ট্যাগ যুক্ত করুন
কোনো ট্যাগ নেই, প্রথমজন হিসাবে ট্যাগ করুন!
|
MARC
| LEADER | 00000nam a22000005a 4500 | ||
|---|---|---|---|
| 001 | 5259 | ||
| 003 | CL-ChBUA | ||
| 005 | 20120815102915.0 | ||
| 008 | 070301s1986 xxu 000 0 eng | ||
| 020 | |a 0205087361 | ||
| 040 | |a CL-ChBUA |c CL-ChBUA | ||
| 082 | 0 | 0 | |a 613.95 |
| 090 | |c 5259 |d 5259 | ||
| 100 | 1 | |a Gordon, Sol. | |
| 245 | 1 | 0 | |a Personal issues in human sexuality |
| 260 | |b Allyn and Bacon. |c c1986. | ||
| 300 | |a viii, 328 p. : il. |b viii, 328 p. : il. |c 25 cm. | ||
| 504 | |a Indice. | ||
| 650 | 4 | |a SEXO - INSTRUCCION. | |
| 942 | |c LIB | ||
| 952 | |0 0 |1 0 |4 0 |7 0 |9 7791 |a UNACH |b UNACH |c 600 |d 2007-03-05 |i 26.962. |l 0 |o 613.95 / G 662. c.1 |p 8790 |r 2012-12-27 00:00:00 |u 7791 |w 2012-08-08 |y LIB |k 613.95 / G 662. c.1 | ||
| 952 | |0 0 |1 0 |4 0 |7 0 |9 7792 |a UNACH |b UNACH |c 600 |d 2007-03-05 |i 27.598. |l 0 |o 613.95 / G 662. c.2 |p 8791 |r 2016-09-22 00:00:00 |u 7792 |w 2012-08-08 |y LIB |k 613.95 / G 662. c.2 | ||
| 999 | |c 5259 |d 5259 | ||